| 000 | 01494cam a22003857a 4500 | ||
|---|---|---|---|
| 001 | 7690384 | ||
| 003 | USPCAS-E | ||
| 005 | 20180118181415.0 | ||
| 006 | m d | ||
| 007 | cr n | ||
| 008 | 070131s2007 ne a sb 001 0 eng d | ||
| 015 |
_aGBA667887 _2bnb |
||
| 016 | 7 |
_a013526791 _2Uk |
|
| 020 | _a9780080452616 (pbk.) | ||
| 020 | _a0080452612 (pbk.) | ||
| 035 | _a(WaSeSS)ssj0000145105 | ||
| 040 |
_aUKM _cUKM _dBAKER _dOHX _dBWKUK _dDLC _dWaSeSS |
||
| 042 | _alccopycat | ||
| 050 | 4 |
_aTK7867.2 _b.E444 2007 |
|
| 082 | 0 | 4 |
_a621.38224 _222 _bELE 2007 |
| 210 | 1 | 0 | _aElectromagnetic compatibility in power systems |
| 245 | 0 | 0 |
_aElectromagnetic compatibility in power systems _h[electronic resource] / _cedited by Francesco Lattarulo. |
| 260 |
_aAmsterdam ; _aBoston : _bElsevier, _cc2007. |
||
| 502 | _a0 | ||
| 504 | _aIncludes bibliographical references and index. | ||
| 506 | _aLicense restrictions may limit access. | ||
| 650 | 0 | _aElectromagnetic compatibility. | |
| 700 | 1 | _aLattarulo, Francesco. | |
| 773 | 0 | _teBook - Engineering 2007 [EBCE07] | |
| 773 | 0 | _tReferex Electronics and Electrical Engineering | |
| 856 | 4 | 0 |
_uhttp://www.columbia.edu/cgi-bin/cul/resolve?clio7690384.001 _zFull text available from eBook - Engineering 2007 [EBCE07] |
| 856 | 4 | 0 |
_uhttp://www.columbia.edu/cgi-bin/cul/resolve?clio7690384.002 _zFull text available from Referex Electronics and Electrical Engineering |
| 910 | _aLibrary of Congress record | ||
| 942 |
_2ddc _cBK |
||
| 999 |
_c355822 _d355822 |
||